MARC

LEADER 00000nam0a2200000 4500
001 360661
005 20231102011317.0
035 |a (RuTPU)RU\TPU\retro\17987 
035 |a RU\TPU\retro\17986 
090 |a 360661 
100 |a 20210421d1975 k y0rusy50 ca 
101 0 |a rus 
102 |a KZ 
105 |a a z 001zy 
200 1 |a Гидрогеологические и инженерно-геологические исследования в Казахстане. Вып. 2  |e [сборник]  |f Министерство геологии Казахской ССР, Казахское гидрогеологическое управление ; гл. ред. А. К. Джакелов 
210 |a Алма-Ата  |c Казахстан  |d 1975 
215 |a 264 с.  |c ил. 
320 |a Библиогр. в конце ст. 
606 1 |a Гидрогеология  |y Казахстан  |2 stltpush  |3 (RuTPU)RU\TPU\subj\72102  |9 85689 
606 1 |a Инженерно-геологические изыскания  |2 stltpush  |3 (RuTPU)RU\TPU\subj\12581  |9 39344 
610 1 |a орошаемые территории 
610 1 |a артезианские воды 
610 1 |a подземные воды 
610 1 |a поиски 
610 1 |a разведка 
610 1 |a геофизические методы 
610 1 |a минеральные воды 
610 1 |a режимы 
610 1 |a биостратиграфия 
610 1 |a методика 
610 1 |a экономика 
675 |a 556.3(574)  |v 4 
675 |a 624.131.3  |v 4 
702 1 |a Джакелов  |b А. К.  |4 651 
712 0 2 |a Министерство геологии Казахской ССР  |b Казахское гидрогеологическое управление 
801 1 |a RU  |b 63413507  |c 20210421 
801 2 |a RU  |b 63413507  |c 20210421  |g RCR 
942 |c BK